| 000 | 01113nam a2200253 a 4500 | ||
|---|---|---|---|
| 008 | 120626s2008 ||||||||||||||||| || u | ||
| 020 | _a9780470994474 (cloth) | ||
| 020 | _a0470994479 (cloth) | ||
| 050 | _aHD 30.25 Unc | ||
| 100 | _aDe Rocquigny, Etienne | ||
| 245 | 1 | 0 |
_aUncertainty in industrial practice: a guide to quantitative uncertainty management _cedited by Etienne de Rocquigny; Nicolas Devictor; Stefano Tarantola |
| 260 |
_aChichester, England: _bJohn Wiley and Sons _c2008 |
||
| 300 | _axxiii, 339p.: ill. | ||
| 350 | _a0.00 | ||
| 500 | _aIncludes bibliography | ||
| 650 | 0 | _aUNCERTAINTY - MATHEMATICAL MODELS | |
| 650 | _aINDUSTRIAL MANAGEMENT--MATHEMATICAL MODELS | ||
| 650 | 0 | _aRISK MANAGEMENT | |
| 700 | _aDevictor, Nicolas | ||
| 700 | _aTarantola, Stefano | ||
| 856 | _uhttp://www.loc.gov/catdir/enhancements/fy0827/2008009584-d.html | ||
| 856 | _uhttp://www.loc.gov/catdir/enhancements/fy0827/2008009584-t.html | ||
| 995 |
_FCBU-MAIN LIBRARY (Kitwe) _I0.00 _M1 _UAVAILABLE _WJun 26, 2012 _ZMain Library Open Access Collection |
||
| 999 |
_c60589 _d60589 |
||